| 000 | 00400nam a2200145Ia 4500 | ||
|---|---|---|---|
| 008 | 210210b1967 xxu||||| |||| 00| 0 eng d | ||
| 082 | _a306.8 QUEF | ||
| 100 | _aQUEEN (Stuart A) and HABENSTEIN (Robert W). | ||
| 245 | _aFamily in various cultures. Ed 3. | ||
| 250 | _a | ||
| 260 |
_aPhiladelphia. _bJ B Lippincott Company., _c1967 |
||
| 300 | _a346 | ||
| 690 | _aMarriage & Family | ||
| 906 | _a041069 | ||
| 999 |
_c91199 _d91199 |
||